|
|
|
|
| LEADER |
00000nam0a2200000 4500 |
| 001 |
223055 |
| 005 |
20231101230511.0 |
| 010 |
|
|
|a 9785434400114
|
| 035 |
|
|
|a (RuTPU)RU\TPU\book\243287
|
| 090 |
|
|
|a 223055
|
| 100 |
|
|
|a 20121004d2011 km y0rusy50 ca
|
| 101 |
1 |
|
|a rus
|c eng
|
| 102 |
|
|
|a RU
|
| 105 |
|
|
|a a z 001zy
|
| 200 |
1 |
|
|a Геостатистическое моделирование коллекторов
|e пер. с англ.
|f К. В. Дойч
|g Роснефть
|
| 210 |
|
|
|a Ижевск
|a Москва
|c Институт компьютерных исследований
|d 2011
|
| 215 |
|
|
|a 400 с.
|c ил.
|
| 225 |
1 |
|
|a Библиотека нефтяного инжиниринга
|
| 320 |
|
|
|a Библиогр.: с. 379-394.
|
| 320 |
|
|
|a Предметный указатель: с. 395-398.
|
| 330 |
|
|
|a В данной монографии изложены современные методы геостатистического моделирования коллекторов, а также способы их применения для решения задач оценки коллектора и определения оптимальной стратегии разработки. Материал, представленный в книге, удачно сочетает в себе подробные теоретические сведения о геостатистических методах, изложенные с достаточной математической строгостью, и примеры приложения для различного рода задач нефтегазовой геологии. Структура представленной в книге информации позволяет читателю последовательно перейти от базовых понятий одномерной статистики к многошаговым методам оценки коллектора на основе различных модификаций алгоритмов геостатистики. Книга предназначена для специалистов по геологическому и гидродинамическому моделированию месторождений нефти и газа, а также может быть полезна для студентов и аспирантов, специализирующихся в области нефтяной геологии и разработки месторождений, и разработчиков программного обеспечения геолого-гидродинамического моделирования.
|
| 606 |
1 |
|
|a Нефтегазовые пласты-коллекторы
|x Моделирование
|2 stltpush
|3 (RuTPU)RU\TPU\subj\71969
|9 85619
|
| 610 |
1 |
|
|a геостатистическое моделирование
|
| 610 |
1 |
|
|a нефтегазоносные коллекторы
|
| 610 |
1 |
|
|a пространственная корреляция
|
| 610 |
1 |
|
|a количественная оценка
|
| 610 |
1 |
|
|a фации
|
| 610 |
1 |
|
|a пиксельное моделирование
|
| 610 |
1 |
|
|a объектное моделирование
|
| 610 |
1 |
|
|a пористость
|
| 610 |
1 |
|
|a проницаемость
|
| 610 |
1 |
|
|a математический аннилинг
|
| 675 |
|
|
|a 552.578.2.061.4
|v 3
|
| 700 |
|
1 |
|a Дойч
|b К. В.
|g Клейтон В.
|
| 712 |
0 |
2 |
|a Роснефть
|c Нефтяная компания
|c Открытое акционерное общество
|c (Москва)
|c (1993- )
|2 stltpush
|3 (RuTPU)RU\TPU\col\11516
|9 25142
|
| 801 |
|
1 |
|a RU
|b 63413507
|c 20121004
|
| 801 |
|
2 |
|a RU
|b 63413507
|c 20150522
|g RCR
|
| 942 |
|
|
|c BK
|
| 959 |
|
|
|a 124/20121004
|d 1
|e 730,00
|f ЧЗТЛ:1
|